000 00322nam a2200133Ia 4500
008 150201s2009 xx 000 0 und d
082 _a617
_bH09M
100 _aMCLATEHIE, GRAG
245 _aOXFORD HAND BOOK OF CLINICAL SURGERY
250 _a3RD
260 _bOXFORD
_aNEW YORK
_c2009
650 _aSURGERY
942 _2ddc
_cBK
999 _c805
_d805